000
00264nam a2200109Ia 4500
008
190216s9999||||xx |||||||||||||| ||und||
100
_a
A S Ramaswami
245
2
_a
A Select Short Stories Of Today
260
_b
Null
650
_a
English Short Stories
942
_c
BK
999
_c
11601
_d
11601